Responses for Show #2355 - Friday, November 25, 1994

1994 Tournament of Champions final game 2.

Contestants

[<< previous game]

David Hillinck, a high school principal from Sacramento, California (subtotal of $6,300)

Rachael Schwartz, an attorney from Bedminster, New Jersey (subtotal of $7,200)

Jeff Stewart, a College Tournament winner originally from The Dalles, Oregon (subtotal of $0)

[next game >>]

Jeopardy! Round responses

STATE CAPITALS
CELEBRITY MARRIAGES
EXPLORERS
ETIQUETTE
ANIMALS
OVER 15-LETTER WORDS
    $100 2
Baton Rouge

Jeff
    $100 24
Michael Jackson

David
    $100 28
Henry Stanley

Jeff
    $100 10
Vase/container

Rachael
    $100 6
bulls

David
    $100 26
counterclockwise

Rachael
    $200 4
Annapolis

David
    $200 21
Meg Ryan

Rachael
    $200 16
Sir Edmund Hillary

Jeff
    $200 11
Husband/groom

Rachael
    $200 19
a horse

Jeff
    $200 20
extraterrestrial

Jeff
    $300 5
Topeka

Jeff
    $300 22
Carole Lombard

Rachael
    $300 29
(D: What is Kathmandu?)

Lhasa

RachaelDavid
    $300 12
(J: What is stand?)

Kneel

JeffRachael
    $300 25
the tail

Jeff
    $300 30
misunderstanding

Jeff
    $400 7
Oklahoma City

Jeff
    $400 17
Eddie Fisher

Rachael
    $400 1
Bering Strait

David
    $400 13
(Jeff: What is the arm?)
(Alex: Be more specific... that clue opens a lot of possibilities!)

Elbow

Jeff
    $400 3
scorpions

David
    $400 8
gastroenterologist

Jeff
    $500 9
Juneau, Alaska

Rachael
    $500 23
Elsa Lanchester

Rachael
    $1,800 15
Mekong

Jeff
    $500 18
White tie

Rachael
    $500 27
the wolverine

Jeff
    $500 14
(David: What is antidisestablishment?)

antidisestablishmentarianism

JeffDavid

Scores at the first commercial break (after clue 15):

Jeff Rachael David
$3,600 $1,100 $600

Scores at the end of the Jeopardy! Round:

Jeff Rachael David
$5,400 $3,400 $400

Double Jeopardy! Round responses

WORLD WAR I
CLASSICAL MUSIC
FRENCH CUISINE
THE BRAIN
INITIALED AUTHORS
MOUNTAINS
    $200 1
(R: What is the Netherlands?)

Belgium

JeffRachael
    $200 7
Frederic Chopin

David
    $200 4
Milk

Jeff
    $200 27
a concussion

Jeff
    $200 14
J.R.R. Tolkien

David
    $200 24
Andes

Rachael
    $400 8
Lusitania

David
    $400 18
J.S. Bach

Jeff
    $400 10
Oysters

Rachael
    $400 29
Blood

Jeff
    $400 15
A.A. Milne

Rachael
    $400 25
Pyrenees

Rachael
    $600 9
Gas mask

Rachael
    $1,000 23
(Rachael: Who is Bartok?)
...
(Alex: We have a minute left, you're at $8,000 & we have seven clues.)

Franz Liszt

Rachael
    $600 11
Hot & cold

Rachael
    $600 30
(J: What is the neural system?)

Central nervous system

Jeff
Triple Stumper
    $600 16
[NOTE: The spelling of the name is verified in Wikipedia.]

E.E. Cummings

Rachael
    $600 3
(J: What is Mont Blanc?)
(D: What is Eiger?)

The Matterhorn

JeffRachaelDavid
    $800 22
North Sea

Rachael
    $800 5
Franz Schubert

Triple Stumper
    $800 12
Cauliflower

Rachael
    $800 28
Alzheimer's

Rachael
    $800 2
T.S. Eliot

Jeff
    $800 26
Apennines

Triple Stumper
    $1000 19
Mexico

Jeff
    $1000 21
(J: Who was Normandy?)

Arturo Toscanini

Jeff
Triple Stumper
    $1000 13
(J: What is liver?)

Kidneys

JeffRachael
    $5,000 6
Sight

Jeff
    $1000 17
(Jeff: [Whispering, but no response])

H.P. Lovecraft

Jeff
Triple Stumper
    $1000 20
Atlas Mountains

Jeff

Scores at the end of the Double Jeopardy! Round:

Jeff Rachael David
$10,400 $9,400 $600

[wagering suggestions for these scores]

Final Jeopardy! Round responses

AMERICAN POLITICAL TERMS
(Alex: The margin is but $1, but Rachael Schwartz, congratulations, you're the $100,000 champion!)
DavidWhat is manifest destiny?
$600
RachaelWhat is manifest destiny?
$4,201
JeffWhat is manifest destiny?
$10,400
Manifest Destiny

Final scores:

Jeff Rachael David
$20,800 $13,601 $1,200

Cumulative scores:

Jeff Rachael David
$20,800 $20,801 $7,500
1st runner-up: $20,800 Tournament champion: $100,000 2nd runner-up: $7,500

Game dynamics:

Coryat scores:

Jeff Rachael David
$5,100 $10,400 $600
23 R
(including 2 DDs),
6 W
23 R,
2 W
(including 1 DD)
8 R,
3 W

Combined Coryat: $16,100

[game clues] [game scores] [suggest correction]

Game tape date: 1994-10-12
The J! Archive is created by fans, for fans. Scraping, republication, monetization, and malicious use prohibited; this site may use cookies and collect identifying information. See terms. The Jeopardy! game show and all elements thereof, including but not limited to copyright and trademark thereto, are the property of Jeopardy Productions, Inc. and are protected under law. This website is not affiliated with, sponsored by, or operated by Jeopardy Productions, Inc. Join the discussion at JBoard.tv.